Juan Pablo II: el Hombre, el Pastor
Saved in:
| Format: | Book |
|---|---|
| Language: | Spanish |
| Published: |
Santiago
El Mercurio
2002
|
| Subjects: | |
| Tags: |
Add Tag
No Tags, Be the first to tag this record!
|
MARC
| LEADER | 00000nam a2200000 a 4500 | ||
|---|---|---|---|
| 001 | UCH7928 | ||
| 003 | CL-VaPUC | ||
| 008 | 091127e20020000CL |||||||||||||||||spa|d | ||
| 082 | 0 | 4 | |a 262.13 |b JUA |2 21 |
| 245 | 1 | 0 | |a Juan Pablo II: el Hombre, el Pastor |
| 300 | |a 65 p | ||
| 942 | |c BK | ||
| 945 | |d 20091127 00:00:00 |a lazolas | ||
| 260 | |a Santiago |b El Mercurio |c 2002 | ||
| 500 | |a Ejemplar de distribución para suscriptores del diario El Mercurio | ||
| 600 | 0 | |a Juan Pablo II |9 309920 | |
| 650 | 0 | |a Biografías |9 255210 | |
| 650 | 0 | |a Viajes |9 257115 | |
| 583 | |a last modification |c 20091127 00:00:00 |k Rodrigo Vera | ||
| 999 | |c 338235 |d 338233 | ||